Loading...
| Fine Arts - Classical Music | 0 | 3 | 0 | 0 | 30 | 86 | 99.67 | 0 | 3 |
| History - European History | 0 | 3 | 0 | 1 | 30 | 41 | 84.00 | 2 | 3 |
| Other | 0 | 3 | 0 | 0 | 30 | 17 | 73.67 | 1 | 3 |
| Religion | 0 | 2 | 0 | 0 | 20 | 23 | 65.50 | 1 | 2 |
| History - World History | 0 | 2 | 0 | 1 | 20 | 109 | 115.50 | 1 | 2 |
| Literature - British Literature | 0 | 1 | 0 | 0 | 10 | 92 | 92.00 | 0 | 1 |
| Literature - World Literature | 0 | 1 | 0 | 0 | 10 | 79 | 79.00 | 1 | 1 |
| Mythology | 0 | 1 | 0 | 0 | 10 | 59 | 59.00 | 1 | 1 |
| Social Science | 0 | 2 | 2 | 0 | 10 | 85 | 102.00 | 2 | 2 |
| Fine Arts - Other Fine Arts | 0 | 2 | 2 | 0 | 10 | 79 | 91.00 | 2 | 2 |
| History - American History | 0 | 1 | 0 | 0 | 10 | 109 | 109.00 | 0 | 1 |
| History - Other History | 0 | 1 | 0 | 0 | 10 | 77 | 77.00 | 1 | 1 |
| Literature - American Literature | 0 | 1 | 0 | 1 | 10 | 92 | 92.00 | 1 | 1 |
| Science - Biology | 0 | 1 | 0 | 1 | 10 | 115 | 115.00 | 1 | 1 |
| Science - Other Science | 0 | 1 | 0 | 0 | 10 | 37 | 37.00 | 1 | 1 |
| Science - Physics | 0 | 2 | 2 | 1 | 10 | 110 | 117.50 | 1 | 2 |
| Fine Arts - Painting & Sculpture | 0 | 1 | 1 | 0 | 5 | 138 | 138.00 | 1 | 1 |
| Science - Chemistry | 0 | 1 | 1 | 1 | 5 | 120 | 120.00 | 1 | 1 |
| Literature - European Literature | 0 | 0 | 1 | 0 | -5 | 0.00 | 0 | 0 |